La unidad del cuerpo y de la mente : afectos, acciones y pasiones en Spinoza /

Bibliographic Details
Main Author: Jaquet, Chantal (Author)
Other Authors: Paccazochi, Cecilia (Translator), Garbino, María Ernestina (Translator)
Format: Electronic eBook
Language:Spanish
Published: Córdoba, Argentina : Editorial Brujas, [2013]
Series:Biblioteca de filosofía spinozista.
Subjects:
Online Access:Digitalia Hispánica

MARC

LEADER 00000nam a2200000Ii 4500
001 DIGBRUJ406
003 NyNyDIG
006 m o d
007 cr |||||||||||
008 220707s2013 ag ob 001 0 spa d
035 |a (OCoLC)881844151 
040 |a DGITA  |b eng  |e rda  |e pn  |c DGITA 
020 |a 9789871925285  |q pdf 
020 |z 9789871925193 
050 1 4 |a B3999.M5 ebook 
082 0 4 |a 199.492 
100 1 |a Jaquet, Chantal,  |e author. 
245 1 3 |a La unidad del cuerpo y de la mente :  |b afectos, acciones y pasiones en Spinoza /  |c Chantal Jaquet ; traducción de Cecilia Paccazochi y María Ernestina Garbino. 
264 1 |a Córdoba, Argentina :  |b Editorial Brujas,  |c [2013] 
300 |a 1 online resource. 
336 |a text  |b txt  |2 rdacontent 
337 |a computer  |b c  |2 rdamedia 
338 |a online resource  |b cr  |2 rdacarrier 
347 |a text file  |2 rdaft 
347 |b PDF 
490 1 |a Biblioteca de filosofía spinozista 
504 |a Includes bibliographical references and index. 
588 0 |a Online resource; title from PDF title page (Digitalia, viewed July 7, 2022) 
600 1 0 |a Spinoza, Benedictus de,  |d 1632-1677. 
650 0 |a Mind and body. 
655 0 |a Electronic books. 
700 1 |a Paccazochi, Cecilia,  |e translator. 
700 1 |a Garbino, María Ernestina,  |e translator. 
791 2 |a Digitalia (Firm),  |e distributor. 
793 0 |g Digitalia eBook Collection:  |a Editorial Brujas 
776 0 8 |i Print version:  |a Jaquet, Chantal.  |t Unidad del cuerpo y de la mente.  |b 1a. edición.  |d Córdoba, Argentina : Editorial Brujas, [2013]  |z 9789871925193 
830 0 |a Biblioteca de filosofía spinozista. 
856 4 0 |3 Digitalia Hispánica  |u https://www.digitaliapublishing.com/a/35423/ 
910 |a Premium collection: 2022